<?xml version="1.0" encoding="UTF-8"?>
<collection xmlns="http://www.loc.gov/MARC21/slim">
 <record>
  <leader>01661nam a22002417a 4500</leader>
  <controlfield tag="001">NCT_111916</controlfield>
  <controlfield tag="008">190215b        xxu||||| |||| 00| 0 vie d</controlfield>
  <datafield tag="999" ind1=" " ind2=" ">
   <subfield code="c">5688</subfield>
   <subfield code="d">5688</subfield>
  </datafield>
  <datafield tag="020" ind1=" " ind2=" ">
   <subfield code="a">9786049127434</subfield>
   <subfield code="c">230000</subfield>
  </datafield>
  <datafield tag="082" ind1="0" ind2="4">
   <subfield code="2">23rd ed.</subfield>
   <subfield code="a">616.5075</subfield>
   <subfield code="b">X527</subfield>
  </datafield>
  <datafield tag="100" ind1="1" ind2=" ">
   <subfield code="a">Nguyễn Thị Xuyên</subfield>
   <subfield code="e">Chủ biên</subfield>
  </datafield>
  <datafield tag="245" ind1="1" ind2="0">
   <subfield code="a">Hướng dẫn chẩn đoán và điều trị các bệnh da liễu :</subfield>
   <subfield code="b">Ban hành tài liệu &quot;Hướng dẫn chẩn đoán và điều trị các bệnh da liễu&quot;</subfield>
   <subfield code="c">Nguyễn Thị Xuyên, Trần Hậu Khang, Lương Ngọc Khuê (Chủ biên) </subfield>
  </datafield>
  <datafield tag="260" ind1=" " ind2=" ">
   <subfield code="a">H.</subfield>
   <subfield code="b">Y học</subfield>
   <subfield code="c">2020</subfield>
  </datafield>
  <datafield tag="300" ind1=" " ind2=" ">
   <subfield code="a">329tr.</subfield>
   <subfield code="c">27cm</subfield>
  </datafield>
  <datafield tag="500" ind1=" " ind2=" ">
   <subfield code="a">ĐTTS ghi: Bộ Y tế</subfield>
  </datafield>
  <datafield tag="520" ind1="3" ind2=" ">
   <subfield code="a">Nội dung tài liệu bao gồm 11 chương và 65 bài hướng dẫn chẩn đoán và điều trị các bệnh Da liễu. Trong đó, tập trung vào hướng dẫn thực hành chẩn đoán và điều trị, vì vậy sẽ rất hữu ích cho các thầy thuốc đa khoa, chuyên khoa trong thực hành lâm sàng hàng ngày.</subfield>
  </datafield>
  <datafield tag="653" ind1=" " ind2=" ">
   <subfield code="a">Y Đa khoa</subfield>
  </datafield>
  <datafield tag="700" ind1="1" ind2=" ">
   <subfield code="a">Trần Hậu Khang</subfield>
   <subfield code="e">Chủ biên</subfield>
  </datafield>
  <datafield tag="700" ind1="1" ind2=" ">
   <subfield code="a">Lương Ngọc Khuê </subfield>
   <subfield code="e">Chủ biên</subfield>
  </datafield>
  <datafield tag="942" ind1=" " ind2=" ">
   <subfield code="2">ddc</subfield>
   <subfield code="c">BK</subfield>
  </datafield>
  <datafield tag="952" ind1=" " ind2=" ">
   <subfield code="0">0</subfield>
   <subfield code="1">0</subfield>
   <subfield code="2">ddc</subfield>
   <subfield code="4">0</subfield>
   <subfield code="6">616_507500000000000_X527</subfield>
   <subfield code="7">0</subfield>
   <subfield code="9">23191</subfield>
   <subfield code="a">000001</subfield>
   <subfield code="b">000001</subfield>
   <subfield code="d">2022-04-16</subfield>
   <subfield code="l">1</subfield>
   <subfield code="o">616.5075 X527</subfield>
   <subfield code="p">MD.19356</subfield>
   <subfield code="r">2022-05-12</subfield>
   <subfield code="s">2022-05-06</subfield>
   <subfield code="v">230000.00</subfield>
   <subfield code="w">2022-04-16</subfield>
   <subfield code="y">BK</subfield>
  </datafield>
  <datafield tag="952" ind1=" " ind2=" ">
   <subfield code="0">0</subfield>
   <subfield code="1">0</subfield>
   <subfield code="2">ddc</subfield>
   <subfield code="4">0</subfield>
   <subfield code="6">616_507500000000000_X527</subfield>
   <subfield code="7">0</subfield>
   <subfield code="9">23192</subfield>
   <subfield code="a">000001</subfield>
   <subfield code="b">000001</subfield>
   <subfield code="d">2022-04-16</subfield>
   <subfield code="o">616.5075 X527</subfield>
   <subfield code="p">MD.19357</subfield>
   <subfield code="r">2022-04-16</subfield>
   <subfield code="v">230000.00</subfield>
   <subfield code="w">2022-04-16</subfield>
   <subfield code="y">BK</subfield>
  </datafield>
  <datafield tag="980" ind1=" " ind2=" ">
   <subfield code="a">Thư viện Trường Đại học Nam Cần Thơ</subfield>
  </datafield>
 </record>
</collection>
